<?xml version="1.0" encoding="UTF-8"?>
<record
    xmlns:xsi="http://www.w3.org/2001/XMLSchema-instance"
    xsi:schemaLocation="http://www.loc.gov/MARC21/slim http://www.loc.gov/standards/marcxml/schema/MARC21slim.xsd"
    xmlns="http://www.loc.gov/MARC21/slim">

  <leader>00752nam a2200169   4500</leader>
  <datafield tag="999" ind1=" " ind2=" ">
    <subfield code="c">38484</subfield>
    <subfield code="d">38484</subfield>
  </datafield>
  <datafield tag="041" ind1=" " ind2=" ">
    <subfield code="a">English</subfield>
  </datafield>
  <datafield tag="082" ind1=" " ind2=" ">
    <subfield code="a">RP.0375</subfield>
  </datafield>
  <datafield tag="100" ind1=" " ind2=" ">
    <subfield code="a">Parmar, Suresh R.</subfield>
    <subfield code="u">Swami Vivekananda Sarvodaya Education College </subfield>
    <subfield code="v">Mehsana, Gujarat</subfield>
  </datafield>
  <datafield tag="245" ind1=" " ind2=" ">
    <subfield code="a">Impact of Self Concept on Personality and Adjustment of Students of Secondary School/</subfield>
    <subfield code="c">Suresh R. Parmar</subfield>
  </datafield>
  <datafield tag="260" ind1=" " ind2=" ">
    <subfield code="a">Mehsana, Gujarat:</subfield>
    <subfield code="b">Indian Council of Social Science Research,</subfield>
    <subfield code="c">2016</subfield>
  </datafield>
  <datafield tag="300" ind1=" " ind2=" ">
    <subfield code="a">xviii, 440p.</subfield>
  </datafield>
  <datafield tag="500" ind1=" " ind2=" ">
    <subfield code="a">Induced Bibliographical References and Appendices </subfield>
  </datafield>
  <datafield tag="536" ind1=" " ind2=" ">
    <subfield code="a">Indian Council of Social Science Research</subfield>
  </datafield>
  <datafield tag="650" ind1=" " ind2=" ">
    <subfield code="a">Self-concept in adolescence </subfield>
    <subfield code="v">Personality development </subfield>
    <subfield code="x">Adjustment</subfield>
  </datafield>
  <datafield tag="650" ind1=" " ind2=" ">
    <subfield code="a">Twelfth grade (Education)</subfield>
    <subfield code="a">Students</subfield>
    <subfield code="v">Secondary Education</subfield>
    <subfield code="x">Education</subfield>
  </datafield>
  <datafield tag="942" ind1=" " ind2=" ">
    <subfield code="2">ddc</subfield>
    <subfield code="c">RP</subfield>
  </datafield>
  <datafield tag="952" ind1=" " ind2=" ">
    <subfield code="0">0</subfield>
    <subfield code="1">0</subfield>
    <subfield code="4">0</subfield>
    <subfield code="7">1</subfield>
    <subfield code="8">MRP</subfield>
    <subfield code="a">NASSDOC</subfield>
    <subfield code="b">NASSDOC</subfield>
    <subfield code="d">2023-06-19</subfield>
    <subfield code="e">Research Report Division</subfield>
    <subfield code="l">0</subfield>
    <subfield code="o">RP.0375</subfield>
    <subfield code="p">53744</subfield>
    <subfield code="r">2023-06-19 00:00:00</subfield>
    <subfield code="w">2023-06-19</subfield>
    <subfield code="y">RP</subfield>
  </datafield>
</record>
